000 00859nam a2200229 a 4500
001 86438
003 BD-RjUL
005 20260505153714.0
008 260505s2026 bg ||||| |||| 00| 0 eng d
020 _a9789843705464
035 _a(BD-RjUL)86438
040 _aBD-RjUL
_beng
_cBD-RjUL
041 _aben
082 _223
_a891.44109
_bABE 2026
100 _aআবুবকর, মধুসূদন সায়ীদ
_918371
245 _aইংলিশ পোয়েট মধুসূদন /
_cসায়ীদ আবুবকর
260 _aরাজশাহী :
_bসমীক্ষণ,
_c২০২৬
300 _a৬৪ পৃ.;
_c২২ সেমি.
650 _aবাংলা কবিতা
_xইতিহাস ও সমালোচনা
_918372
650 _aBengali poetry
_xHistory and Criticism
_918373
942 _2ddc
_cBK
999 _c86438
_d86438